000 00961nam a2200253Ia 4500
003 OSt
005 20221005105854.0
006 a|||||r|||| 00| 0
007 ta
008 221004b |||||||| |||| 00| 0 hin d
020 _a8126025425 (pbk)
_c400
024 _a92218
037 _b522, 19/03/2009, Vani Prakashan
_cTextual
040 _aCRL
_cCRL
_bhin
041 _2hin
_ahin
082 _aY:35.291, 152P7
100 _aत्रिपाठी, व्यासमणि
245 0 _aअंडमान तथा निकोबार की लोक कथाएॅं
246 _aAanḍamān tathā nikobār kī lok kathāeॅan
260 _aनई दिल्ली
_bसाहित्य अकादेमी भारत
_c2007
300 _a132पृ0
_ccm.
942 _hY:35.291, 152P7
_cTEXL
_2cc
999 _c1017147
_d1017147